[Event "IECC M-5223"]
[Site "IECC email"]
[Date "2005.04.05"]
[Round "?"]
[White "Pizzoni, Richard"]
[Black "Dhond, Anup R"]
[Result "0-1"]
[WhiteElo "1223"]
[BlackElo "1223"]
[PlyCount "38"]
[EventDate "2005.??.??"]
[EventType "tourn (corr)"]
[EventRounds "10"]
[SourceTitle "Corr 2020"]
[Source "ChessBase"]
[SourceDate "2019.09.30"]
[SourceVersion "1"]
[SourceVersionDate "2019.09.30"]
[SourceQuality "1"]
[WhiteTeam "United States"]
[BlackTeam "India"]
[WhiteTeamCountry "USA"]
[BlackTeamCountry "IND"]

1. e4 c5 2. Nf3 Nc6 3. d4 cxd4 4. Nxd4 Nf6 5. Nc3 e5 6. Ndb5 d6 7. Bg5 a6 8. Na3 b5 9. Bxf6 gxf6 10. Nd5 f5 11. c3 fxe4 12. Bxb5 axb5 13. Nxb5 Qg5 14. Nbc7+ Kd8 15. Nxa8 Qxg2 16. Qb3 Qxh1+ 17. Kd2 e3+ 18. Ke2 Ba6+ 19. c4 Qxa1 0-1

[Event "IECC M-5157"]
[Site "IECC email"]
[Date "2004.11.12"]
[Round "?"]
[White "Dhond, Anup R"]
[Black "Buetow, Mark"]
[Result "1-0"]
[WhiteElo "1176"]
[BlackElo "1259"]
[PlyCount "53"]
[EventDate "2004.??.??"]
[EventType "tourn (corr)"]
[EventRounds "10"]
[SourceTitle "Corr 2020"]
[Source "ChessBase"]
[SourceDate "2019.09.30"]
[SourceVersion "1"]
[SourceVersionDate "2019.09.30"]
[SourceQuality "1"]
[WhiteTeam "India"]
[BlackTeam "United States"]
[WhiteTeamCountry "IND"]
[BlackTeamCountry "USA"]

1. e4 d5 2. exd5 Qxd5 3. Nc3 Qa5 4. Nf3 Nf6 5. d4 c6 6. Ne5 Be6 7. Bd3 Nbd7 8. f4 g6 9. 0-0 Bg4 10. Nxg4 Nxg4 11. Qxg4 h5 12. Qh4 0-0-0 13. Ne2 Bg7 14. Qxe7 Rhf8 15. c3 Bf6 16. Qe4 Rde8 17. Qf3 c5 18. Be3 Re7 19. dxc5 Rfe8 20. c6 Nc5 21. cxb7+ Kb8 22. Bd4 Bxd4+ 23. Nxd4 Nxd3 24. Nc6+ Kxb7 25. Nxa5+ Kb6 26. Qc6+ Kxa5 27. b4+ 1-0

[Event "IECC CL7-2004.08 email"]
[Site "IECC email"]
[Date "2004.05.05"]
[Round "?"]
[White "Agnew, George Hartwell"]
[Black "Dhond, Anup R"]
[Result "1/2-1/2"]
[WhiteElo "1078"]
[BlackElo "1164"]
[PlyCount "68"]
[EventDate "2004.??.??"]
[EventType "tourn (corr)"]
[EventRounds "4"]
[SourceTitle "Corr 2008"]
[Source "ChessBase"]
[SourceDate "2008.06.24"]
[SourceVersion "1"]
[SourceVersionDate "2008.06.24"]
[SourceQuality "1"]

1. e4 c5 2. Bc4 e6 3. Nc3 a6 4. a4 Nc6 5. d3 Nf6 6. Nf3 d5 7. exd5 Nxd5 8. Bd2 Be7 9. 0-0 0-0 10. Re1 Nf6 11. h3 Rb8 12. Bf4 Ra8 13. Qd2 Nd5 14. Bxd5 exd5 15. d4 cxd4 16. Nxd4 Bf6 17. Nxc6 bxc6 18. Be5 Be6 19. Bxf6 Qxf6 20. b3 Rfd8 21. Ne2 Rd6 22. Nf4 Rad8 23. Qe2 c5 24. Nxe6 fxe6 25. Qg4 Qc3 26. Rac1 e5 27. Re3 Qb2 28. Qd1 e4 29. Rb1 Qf6 30. Rg3 d4 31. Qe2 Qe6 32. Re1 d3 33. cxd3 exd3 34. Qxe6+ Rxe6 1/2-1/2

[Event "IECC CL6-2003.23 email"]
[Site "IECC email"]
[Date "2003.10.03"]
[Round "?"]
[White "Dhond, Anup R"]
[Black "Lopriore, Nunzio"]
[Result "0-1"]
[WhiteElo "1200"]
[BlackElo "1257"]
[PlyCount "32"]
[EventDate "2003.??.??"]
[EventType "tourn (corr)"]
[EventRounds "4"]
[SourceTitle "Corr 2008"]
[Source "ChessBase"]
[SourceDate "2008.06.24"]
[SourceVersion "1"]
[SourceVersionDate "2008.06.24"]
[SourceQuality "1"]

1. d4 d5 2. c4 e6 3. Nc3 Nf6 4. Bg5 Nbd7 5. e3 h6 6. cxd5 hxg5 7. dxe6 fxe6 8. Bd3 Rh6 9. Nf3 g4 10. Ng5 Bd6 11. Nxe6 Qe7 12. Ng5 g3 13. h3 gxf2+ 14. Kxf2 Nh5 15. Nce4 Bg3+ 16. Nxg3 Nxg3 0-1